000 00529nam a22001937a 4500
003 OSt
005 20171101143614.0
008 171101b xxu||||| |||| 00| 0 eng d
020 _a052163167x
040 _cDDC.
082 _a530.8FRI 1998
100 _afrieden,B.Roy;
_912238
245 _aPhysics from fisher information;
_bA unification:
260 _auk;
_bCambridge University Press.
_c1998
300 _avii,318p;
_bill:
_c25cm
504 _aincludes index en reference.
650 _aPhysics.
_9809
942 _2ddc
_cO_SHELF
999 _c5872
_d5872